Ships at Trafalgar - Statistics

General Stats
  • This quiz has been taken 72 times
  • The average score is 22 of 73
Answer Stats
Hint Answer % Correct
100 Victory
100%
74 Achille
61%
74 Achille
61%
98 Neptune
61%
80 Neptune
61%
100 Royal Sovereign
61%
136 Santísima Trinidad
61%
98 Temeraire
57%
64 Agamemnon
50%
74 Ajax
50%
74 Bellerophon
50%
98 Dreadnought
50%
74 Mars
46%
74 Thunderer
46%
98 Prince
43%
74 Swiftsure
43%
74 Swiftsure
43%
74 Conqueror
39%
74 Defence
39%
64 Africa
36%
100 Britannia
36%
74 Defiance
36%
80 Formidable
36%
80 Bucentaure
32%
74 Orion
32%
8 Pickle
32%
74 Revenge
32%
74 Belleisle
29%
36 Euryalus
29%
74 Leviathan
29%
80 Neptuno
29%
64 Polyphemus
29%
74 Redoutable
29%
112 Santa Ana
29%
74 Aigle
25%
74 Berwick
25%
74 Colossus
25%
74 Minotaur
25%
74 San Juan Nepomuceno
25%
36 Sirius
25%
80 Tonnant
25%
74 Argonaute
21%
74 Duguay-Trouin
21%
74 Pluton
21%
112 Principe de Asturias
21%
94/100 Rayo
21%
40 Rhin
21%
74 Scipion
21%
80 Argonauta
18%
40 Hortense
18%
74 Monarca
18%
74 Mont Blanc
18%
74 San Francisco de Asis
18%
74 San Ildefonso
18%
64 San Leandro
18%
74 Spartiate
18%
74 Algésiras
14%
74 Bahama
14%
74 Fougueux
14%
40 Hermione
14%
74 Héros
14%
80 Indomptable
14%
74 Intrépide
14%
36 Phoebe
14%
74 San Justo
14%
40 Thémis
14%
10 Entreprenante
11%
74 Montañés
11%
38 Naiad
11%
74 San Agustin
11%
16 Argus
4%
40 Cornélie
4%
18 Furet
4%
No matching quizzes found
Score Distribution
Percent of People with Each Score
Percentile by Number Answered
Your Score History
You have not taken this quiz